00514nam a22001457a 4500003000400000005001700004008004100021040001400062100003500076245008200111260001000193300002900203500010900232504002700341OSt20171010095534.0121008t xxu||||| |||| 00| 0 eng d aMMSUcULS aSevillleja, Botany KC Anne S.  aDevelopment of an electrical system profiler cSevillleja, Botany KC Anne S.  c2008  axi, [84] leaves c28 cm. aThesis (BS Electrical Engineering) -- Mariano Marcos State University-College of Engineering, Batac City aBibliography: leaf 56